Revolt in Syria : (Record no. 28179)

MARC details
000 -LEADER
campo de control de longitud fija 01575cam a22003614a 4500
001 - NÚMERO DE CONTROL
campo de control 115330
005 - FECHA Y HORA DE LA ÚLTIMA TRANSACCIÓN
campo de control 20230410103915.0
008 - DATOS DE LONGITUD FIJA--INFORMACIÓN GENERAL
campo de control de longitud fija 120611s2012 nyub b 001 0 eng
035 ## - NÚMERO DE CONTROL DEL SISTEMA
Número de control de sistema 17341433
010 ## - NÚMERO DE CONTROL DE LA BIBLIOTECA DEL CONGRESO
Número de control de LC 2012022111
020 ## - NÚMERO INTERNACIONAL ESTÁNDAR DEL LIBRO
Número Internacional Estándar del Libro 9780231704205 (alk. paper)
040 ## - FUENTE DE CATALOGACIÓN
Centro catalogador/agencia de origen DLC
Centro/agencia transcriptor DLC
Centro/agencia modificador DLC
042 ## - CÓDIGO DE AUTENTICACIÓN
Código de autenticación pcc
043 ## - CÓDIGO DE ÁREA GEOGRÁFICA
Código de área geográfica a-sy---
050 14 - SIGNATURA TOPOGRÁFICA DE LA BIBLIOTECA DEL CONGRESO
Número de clasificación 432 DS 98.6
Número de ítem S796r 2012
082 00 - NÚMERO DE LA CLASIFICACIÓN DECIMAL DEWEY
Número de clasificación 956.9104
100 1# - ENTRADA PRINCIPAL--NOMBRE DE PERSONA
Nombre de persona Starr, Stephen.
245 10 - MENCIÓN DEL TÍTULO
Título Revolt in Syria :
Resto del título eye-witness to the uprising /
Mención de responsabilidad, etc. Stephen Starr.
260 ## - PUBLICACIÓN, DISTRIBUCIÓN, ETC.
Lugar de publicación, distribución, etc. New York :
Nombre del editor, distribuidor, etc. Columbia University Press,
Fecha de publicación, distribución, etc. 2012.
300 ## - DESCRIPCIÓN FÍSICA
Extensión xii, 226 p. :
Otras características físicas maps ;
Dimensiones 22 cm.
504 ## - NOTA DE BIBLIOGRAFÍA, ETC.
Nota de bibliografía, etc. Includes bibliographical references (p. 217-218) and index.
505 0# - NOTA DE CONTENIDO CON FORMATO
Nota de contenido con formato Damascus : dragged towards revolt -- The minorities and Syria's revolt -- Lies, half-truths and videos : the media and the uprising -- The gap between state and society -- Revolution through the eyes of the rich and poor -- The uprising and Syria's youth -- Being a foreigner, a resident and a journalist in the revolt -- History, blame and responsibility.
651 #0 - PUNTO DE ACCESO ADICIONAL DE MATERIA--NOMBRE GEOGRÁFICO
Nombre geográfico Syria
Subdivisión general Politics and government
Subdivisión cronológica 2000-
651 #0 - PUNTO DE ACCESO ADICIONAL DE MATERIA--NOMBRE GEOGRÁFICO
Nombre geográfico Syria
Subdivisión general Social conditions
Subdivisión cronológica 21st century.
650 #0 - PUNTO DE ACCESO ADICIONAL DE MATERIA--TÉRMINO DE MATERIA
Término de materia o nombre geográfico como elemento de entrada Protest movements
Subdivisión geográfica Syria
Subdivisión general History
Subdivisión cronológica 21st century.
650 #0 - PUNTO DE ACCESO ADICIONAL DE MATERIA--TÉRMINO DE MATERIA
Término de materia o nombre geográfico como elemento de entrada Political violence
Subdivisión geográfica Syria
Subdivisión general History
Subdivisión cronológica 21st century.
650 #4 - PUNTO DE ACCESO ADICIONAL DE MATERIA--TÉRMINO DE MATERIA
Término de materia o nombre geográfico como elemento de entrada Movimientos de protesta
Subdivisión geográfica Siria
Subdivisión general Historia
Subdivisión cronológica Siglo 21.
650 #4 - PUNTO DE ACCESO ADICIONAL DE MATERIA--TÉRMINO DE MATERIA
Término de materia o nombre geográfico como elemento de entrada Violencia política
Subdivisión geográfica Siría
Subdivisión general Historia
Subdivisión cronológica Siglo 21.
600 10 - PUNTO DE ACCESO ADICIONAL DE MATERIA--NOMBRE DE PERSONA
Nombre de persona Starr, Stephen
Subdivisión general Travel
Subdivisión geográfica Syria.
650 #0 - PUNTO DE ACCESO ADICIONAL DE MATERIA--TÉRMINO DE MATERIA
Término de materia o nombre geográfico como elemento de entrada Journalists
Subdivisión geográfica Syria
Subdivisión de forma Biography.
942 ## - ELEMENTOS DE ENTRADA SECUNDARIOS (KOHA)
Fuente del sistema de clasificación o colocación Clasificación de Library of Congress
Tipo de ítem Koha
946 ## - PROCESAMIENTO DE INFORMACIÓN LOCAL (OCLC)
a MaaM
Holdings
Estatus retirado Estado de pérdida Fuente del sistema de clasificación o colocación Estado de daño No para préstamo Colección Biblioteca de origen Biblioteca actual Ubicación en estantería Fecha de adquisición Serial enumeration / chronology Signatura topográfica completa Código de barras Visto por última vez Copia número Tipo de ítem Koha
    Clasificación de Library of Congress     Recursos Regionales Biblioteca Juan Bosch Biblioteca Juan Bosch Recursos Regionales (2do. Piso) 10/04/2023 1 432 DS 98.6 S796r 2012 00000107980 23/10/2018 1